Inside Japan's financial markets

Đã lưu trong:
Bibliografiske detaljer
Hovedforfatter: Viner, Aron
Format: Bog
Sprog:Undetermined
Udgivet: London Economist Publications 1987
Fag:
Tags: Tilføj Tag
Ingen Tags, Vær først til at tagge denne postø!
Thư viện lưu trữ: Trung tâm Học liệu Trường Đại học Cần Thơ
LEADER 00527nam a2200193Ia 4500
001 CTU_97322
008 210402s9999 xx 000 0 und d
082 |a 332 
082 |b V782 
100 |a Viner, Aron 
245 0 |a Inside Japan's financial markets 
245 0 |c Aron Viner 
260 |a London 
260 |b Economist Publications 
260 |c 1987 
650 |a Stock exchanges,Securities,Finance 
650 |z Japan,Japan,Japan 
904 |i M.Loan(tuyen) 
980 |a Trung tâm Học liệu Trường Đại học Cần Thơ